Fictional Places - Statistics

General Stats
  • This quiz has been taken 29 times
  • The average score is 6 of 15
Answer Stats
Hint Answer % Correct
Gotham City Batman
96%
Oz The Wizard of Oz
88%
Springfield The Simpsons
84%
Mordor Lord of the Rings
64%
Arendelle Frozen
60%
Narnia The Lion, the Witch and the Wardrobe
60%
Agrabah Aladdin
48%
Zamunda Coming to America
28%
Mustafar Revenge of the Sith
28%
Arstotzka Papers, Please
16%
Nibia Ace Ventura: When Nature Calls
12%
Kreplachistan Austin Powers: International Man of Mystery
12%
Isthmus Licence to Kill
12%
San Monique Live and Let Die
12%
Moronika You Nazty Spy!
12%
No matching quizzes found
Score Distribution
Percent of People with Each Score
Percentile by Number Answered
Your Score History
You have not taken this quiz